Elenca la formazione - Finale UEFA Champions League 2003-2004 - Statistics

Statistiche generali
  • Questo quiz è stato fatto 22 volte
  • Il punteggio medio è 8 su 22
Statistiche sulle risposte
Ruolo Nazione Calciatore % Corretto
Trequartista Portogallo Deco
84%
Difensore Portogallo Ricardo Carvalho
68%
Portiere Italia Flavio Roma
58%
Attaccante Spagna Fernando Morientes
53%
Difensore Portogallo Jorge Costa
53%
Centrocampisa Portogallo Maniche
53%
Difensore Portogallo Paulo Ferreira
42%
Centrocampisa Portogallo Costinha
37%
Attaccante Francia Ludovic Giuly
37%
Portiere Portogallo Vítor Baía
37%
Attaccante Brasile Carlos Alberto
32%
Attaccante Francia Jérôme Rothen
32%
Centrocampisa Grecia Akīs Zīkos
21%
Attaccante Brasile Derlei
21%
Difensore Argentina Hugo Ibarra
21%
Difensore Francia Patrice Evra
21%
Centrocampisa Francia Édouard Cissé
16%
Difensore Francia Gaël Givet
16%
Difensore Francia Julien Rodriguez
16%
Difensore Portogallo Nuno Valente
16%
Centrocampisa Argentina Lucas Bernardi
11%
Centrocampisa Portogallo Pedro Mendes
11%
Nessun quiz corrispondente trovato
Distribuzione punteggi
Percentuale di utenti per punteggio
Percentile per numero di risposta
I tuoi punteggi nel tempo
Non hai fatto questo quiz